000 00305nam a22001337a 4500
008 230418b ||||| |||| 00| 0 eng d
041 _aeng
080 _21999
_a61
082 _a61
100 _a4
101 _aMJEKSI
245 _aKLASIFIKIMI NDERKOMBETAR I BARNAVE ATC/DDD
_cGASHI.Z
942 _2udc
_cBK
999 _c59571
_d59571